Statistics for NBA - Shaqtin' a Fool MVPs

Click here to take the quiz!

General Stats

  • This quiz has been taken 3,111 times
    (677 since last reset)
  • The average score is 3 of 7

Answer Stats

SeasonAnswer% Correct
2011/12,2012/13JaVale McGee
93%
2015/16James Harden
48%
2016/17Russell Westbrook
39%
2013/14Kendrick Perkins
21%
2014/15Otto Porter
19%
2018/19Lance Stephenson
19%
2017/18Joel Embiid
15%

Score Distribution

Percentile by Number Answered

Percent of People with Each Score

Your Score History

You have not taken this quiz since the last reset